000 00630nam a2200253Ia 4500
003 OSt
005 20140313140006.0
008 140130s9999 xx 000 0 und d
020 _a9780590907439
050 _aPZ 8.3
_b.K869Fr 1993
100 _aKrensky, Stephen.
245 _cStephen Krensky.
_aFraidy Cats /
260 _bScholastic Inc.,
_aUSA :
_cc1993.
300 _a30 p. :
_bcol. ill. ;
_c23 cm.
440 _v1
521 _aG1
526 _c280
650 _aCats
_xFiction.
650 _aFear of the dark
_xFiction.
650 _aNight
_xFiction.
942 _cBK
_2lcc
999 _c40085
_d40085